NFL Second Team All Pro Defensive Ends - Statistics

General Stats
  • This quiz has been taken 22 times
  • The average score is 40 of 91
Answer Stats
Year Team Defensive End % Correct
2005 Giants Michael Strahan
100%
2002 Giants Michael Strahan
100%
1998 Bills Bruce Smith
91%
1992 Bills Bruce Smith
91%
1989 Bills Bruce Smith
91%
1997 Falcons Chuck Smith
91%
2012 Bears Julius Peppers
91%
2009 Panthers Julius Peppers
91%
2008 Panthers Julius Peppers
91%
2012 49ers Justin Smith
91%
2011 49ers Justin Smith
91%
1997 Chiefs Neil Smith
91%
1995 Chiefs Neil Smith
91%
1997 Packers Reggie White
91%
1996 Packers Reggie White
91%
1994 Packers Reggie White
91%
1993 Packers Reggie White
91%
1992 Eagles Reggie White
91%
1983 Cowboys Ed Jones
82%
1981 Cowboys Ed Jones
82%
1989 Chargers Lee Williams
82%
2013 Bills Mario Williams
82%
2007 Texans Mario Williams
82%
1985 Broncos Rulon Jones
82%
2001 Dolphins Jason Taylor
73%
2010 Giants Justin Tuck
73%
2014 Eagles Fletcher Cox
64%
1983 Raiders Howie Long
64%
1984 Seahawks Jacob Green
64%
2014 Cardinals Calais Campbell
55%
2014 Dolphins Cameron Wake
55%
1982 Buccaneers Lee Roy Selmon
55%
1980 Buccaneers Lee Roy Selmon
55%
1978 Buccaneers Lee Roy Selmon
55%
1993 Vikings Chris Doleman
45%
1987 Vikings Chris Doleman
45%
2003 Colts Dwight Freeney
45%
2015 Lions Ezekiel Ansah
45%
2008 Falcons John Abraham
45%
2010 Giants Osi Umenyiora
45%
1990 Bears Richard Dent
45%
1988 Bears Richard Dent
45%
1984 Bears Richard Dent
45%
1972 Vikings Carl Eller
36%
1982 Cowboys Harvey Martin
36%
1979 Cowboys Harvey Martin
36%
1976 Cowboys Harvey Martin
36%
1981 Jets Mark Gastineau
36%
2015 Jets Muhammad Wilkerson
36%
1986 Bears Dan Hampton
27%
2013 Panthers Greg Hardy
27%
2011 Eagles Jason Babin
27%
1986 Giants Leonard Marshall
27%
1985 Giants Leonard Marshall
27%
1978 Broncos Lyle Alzado
27%
2003 Buccaneers Simeon Rice
27%
1999 Cardinals Simeon Rice
27%
2007 Packers Aaron Kampman
18%
2006 Packers Aaron Kampman
18%
1973 Dolphins Bill Stanfill
18%
1991 Redskins Charles Mann
18%
1987 Redskins Charles Mann
18%
1977 Falcons Claude Humphrey
18%
1974 Falcons Claude Humphrey
18%
1979 Oilers Elvin Bethea
18%
1975 Oilers Elvin Bethea
18%
1974 Rams Fred Dryer
18%
1972 Giants Jack Gregory
18%
1977 Rams Jack Youngblood
18%
1973 Rams Jack Youngblood
18%
1994 Chargers Leslie O'Neal
18%
2009 Eagles Trent Cole
18%
2006 Bills Aaron Schobel
9%
1984 Buccaneers Art Still
9%
1980 Chiefs Art Still
9%
2004 Cardinals Bertrand Berry
9%
2005 Raiders Derrick Burgess
9%
1991 Raiders Greg Townsend
9%
1990 Raiders Greg Townsend
9%
2002 Eagles Hugh Douglas
9%
1975 Colts John Dutton
9%
2001 Chargers Marcellus Wiley
9%
1998 Seahawks Michael Sinclair
9%
2004 Falcons Patrick Kerney
9%
1988 Oilers Ray Childress
9%
2000 Ravens Rob Burnett
9%
1976 49ers Tommy Hart
9%
1999 Jaguars Tony Brackens
9%
1996 Cowboys Tony Tolbert
9%
2000 Dolphins Trace Armstrong
9%
1995 Eagles William Fuller
9%
No matching quizzes found
Score Distribution
Percent of People with Each Score
Percentile by Number Answered
Your Score History
You have not taken this quiz